| 000 -LEADER |
| fixed length control field |
01485ctm a22003137a 4500 |
| 003 - CONTROL NUMBER IDENTIFIER |
| control field |
OSt |
| 005 - DATE AND TIME OF LATEST TRANSACTION |
| control field |
20200316162546.0 |
| 008 - FIXED-LENGTH DATA ELEMENTS--GENERAL INFORMATION |
| fixed length control field |
020719s2001 nyu|||||||||||||| p|eng |
| 040 ## - CATALOGING SOURCE |
| Original cataloging agency |
DLC |
| Transcribing agency |
DLC |
| Description conventions |
appm |
| 082 ## - DEWEY DECIMAL CLASSIFICATION NUMBER |
| Classification number |
720.952 |
| Item number |
ROG |
| 100 1# - MAIN ENTRY--PERSONAL NAME |
| Personal name |
Rogers, Ronnie, |
| Relator term |
author. |
| 245 10 - TITLE STATEMENT |
| Title |
Everyone was cool, everyone was chillin' ... |
| Medium |
[manuscript] / |
| Statement of responsibility, etc |
Ronnie Rogers, EHTP. |
| 260 ## - PUBLICATION, DISTRIBUTION, ETC. (IMPRINT) |
| Date of publication, distribution, etc |
[2001?] |
| 300 ## - PHYSICAL DESCRIPTION |
| Extent |
1 item (poem) : |
| Other physical details |
porous point pen. |
| 500 ## - GENERAL NOTE |
| General note |
Poem by a student in the Hip Hop Activism class at the East Harlem Tutorial Program. |
| 500 ## - GENERAL NOTE |
| General note |
Title from item. |
| 540 ## - TERMS GOVERNING USE AND REPRODUCTION NOTE |
| Terms governing use and reproduction |
No known restrictions on publication. For information, see Exit Art's "Reactions" Exhibition Collection, |
| Uniform Resource Identifier |
<a href="http://www.loc.gov/rr/print/res/356_exit.html">http://www.loc.gov/rr/print/res/356_exit.html</a> |
| 580 ## - LINKING ENTRY COMPLEXITY NOTE |
| Linking entry complexity note |
Forms part of: Exit Art Gallery Reactions Collection: A Global Response to the 9/11 Attacks. |
| 585 ## - EXHIBITIONS NOTE |
| Exhibitions note |
Exhibited: Witness and Response: September 11 Acquisitions at the Library of Congress, 2002. |
| 610 24 - SUBJECT ADDED ENTRY--CORPORATE NAME |
| Corporate name or jurisdiction name as entry element |
World Trade Center (New York, N.Y.) |
| General subdivision |
Disasters |
| Chronological subdivision |
2000-2010. |
| 650 #0 - SUBJECT ADDED ENTRY--TOPICAL TERM |
| Topical term or geographic name as entry element |
September 11 Terrorist Attacks, 2001. |
| 655 #7 - INDEX TERM--GENRE/FORM |
| Genre/form data or focus term |
Poems |
| Chronological subdivision |
2000-2010. |
| Source of term |
aat |
| 655 #7 - INDEX TERM--GENRE/FORM |
| Genre/form data or focus term |
Holographs |
| Chronological subdivision |
2000-2010. |
| Source of term |
aat |
| 655 #7 - INDEX TERM--GENRE/FORM |
| Genre/form data or focus term |
Student works |
| Chronological subdivision |
2000-2010. |
| Source of term |
gmgpc |
| 852 ## - LOCATION/CALL NUMBER |
| Location |
Library of Congress |
| Sublocation or collection |
Prints and Photographs Division |
| Address |
Washington, D.C. 20540 USA |
| Country code |
dcu |
| 856 41 - ELECTRONIC LOCATION AND ACCESS |
| Materials specified |
digital file from original |
| Path |
ppmsca |
| Electronic name |
01683 |
| Uniform Resource Identifier |
<a href="http://hdl.loc.gov/loc.pnp/ppmsca.01683">http://hdl.loc.gov/loc.pnp/ppmsca.01683</a> |
| 906 ## - LOCAL DATA ELEMENT F, LDF (RLIN) |
| a |
p |
| b |
ibc |
| c |
orignew |
| d |
u |
| e |
ncip |
| f |
20 |
| g |
y-printpho |
| 942 ## - ADDED ENTRY ELEMENTS (KOHA) |
| Source of classification or shelving scheme |
|